William Shakespeare: King Lear (Record no. 40807)

MARC details
000 -LEADER
fixed length control field 00458nam a2200181Ia 4500
008 - FIXED-LENGTH DATA ELEMENTS--GENERAL INFORMATION
fixed length control field 220531s9999 xx 000 0 und d
041 ## - LANGUAGE CODE
Language code of text/sound track or separate title eng
082 ## - DEWEY DECIMAL CLASSIFICATION NUMBER
Item number WIL / BHA
100 ## - MAIN ENTRY--PERSONAL NAME
Personal name Bhatia, P.
9 (RLIN) 73155
245 ## - TITLE STATEMENT
Title William Shakespeare: King Lear
250 ## - EDITION STATEMENT
Edition statement 1ST
260 ## - PUBLICATION, DISTRIBUTION, ETC. (IMPRINT)
Place of publication, distribution, etc. New Delhi
Name of publisher, distributor, etc. UBSPD
Date of publication, distribution, etc. 2017
300 ## - PHYSICAL DESCRIPTION
Extent 467
542 ## - INFORMATION RELATING TO COPYRIGHT STATUS
Copyright holder 06-10-2018
650 ## - SUBJECT ADDED ENTRY--TOPICAL TERM
Topical term or geographic name as entry element King Lear
9 (RLIN) 73156
906 ## - LOCAL DATA ELEMENT F, LDF (RLIN)
d 2018-2019
e Elantas beck Co.
f 15093
Holdings
Withdrawn status Lost status Source of classification or shelving scheme Damaged status Not for loan Collection code Home library Current library Date acquired Vendor Cost, normal purchase price Total Checkouts Total Holds Full call number Barcode Date last seen Cost, replacement price Bill Date Koha item type Original Barcode
Withdrawn   Dewey Decimal Classification       Shri Siddhivinayak Mahila Mahavidyalaya Shri Siddhivinayak Mahila Mahavidyalaya 19/11/2018 Vaibhav 225.00   1 /WIL/BHA/B/27974 SSMM-BK-27974 06/08/2022 225.00 06/08/2022 Books 010027974